000 00527nam a22001937a 4500
003 OSt
005 20260422014854.0
008 260422b |||||||| |||| 00| 0 eng d
020 _a0-07-231693-4
040 _aDWC-Main lib.
_cOC
082 _aCirc. 512.9 B917 2001
100 _aSteeter, James
245 _aBeginning algebra/
_cJames Steeter
260 _aBoston :
_bMcGraw-Hill,
_cc2001.
300 _axxv, 804 p. ;
_c27 cm.
504 _aIncludes index.
650 _a1. Algebra.
942 _2ddc
_cBK-CIRC
_hCirc.
_n0
999 _c9642
_d9642